000 00905nam a2200229 i 4500
001 189876
003 ES-MaACL
005 20251113144911.0
007 t|
008 191216s1971 sp ||||1| spa d
100 1 _aCastiñeiras, Jaime.
_936788
245 1 3 _aUn siglo de lucha obrera en España /
_cJaime Castiñeiras Muñoz, Javier Dominguez Martin-Sánchez.
260 _aBilbao :
_bMensajero,
_c1971.
300 _a271 p. ;
_c19 cm.
490 1 _aPublicaciones de la Universidad de Deusto, Instituto de Ciencias Sociales. Ciencias sociales" ;
_v7
650 _aSocialismo-
_zEspaña-
_vHistoria.
_917156
700 1 _aDomínguez, Javier,
_d1929-
_9152738
710 2 _aUniversidad de Deusto.
_97172
830 1 0 _aPublicaciones de la Universidad de Deusto, Instituto de Ciencias Sociales.
_pCiencias sociales
_v7
_9225860
852 _aES-MaACL
_jP-1213-4
999 _c189876
_d189876